[Event "III Festival B"]
[Site "Codogno ITA"]
[Date "2011.10.15"]
[Round "4"]
[White "Rancati, William"]
[Black "Vecchio, Paolo L."]
[Result "1/2-1/2"]
[WhiteElo "1548"]
[BlackElo "1335"]
[PlyCount "98"]
[EventDate "2011.10.14"]

1. e4 c5 2. Nf3 Nc6 3. d4 cxd4 4. Nxd4 Qb6 5. Nxc6 Qxc6 6. Nc3 e5 7. Qd5 Qxd5
8. Nxd5 Bd6 9. c4 Ne7 10. c5 Nxd5 11. cxd6 Nb4 12. Kd1 O-O 13. a3 Nc6 14. Be3
b6 15. Bc4 Na5 16. Ba2 Ba6 17. a4 Nb7 18. Kc2 Rac8+ 19. Kb3 Nxd6 20. Rad1 Rc6
21. f3 Bc4+ 22. Ka3 Bxa2 23. Kxa2 Rfc8 24. Rc1 Ne8 25. b3 d6 26. Rxc6 Rxc6 27.
Rc1 Rxc1 28. Bxc1 f6 29. Ba3 Kf7 30. Kb2 Ke6 31. Kc3 Nc7 32. Bc1 d5 33. exd5+
Kxd5 34. g4 h6 35. h4 Ne6 36. Be3 g5 37. hxg5 hxg5 38. a5 Nd4 39. axb6 axb6 40.
Bxd4 exd4+ 41. Kd3 b5 42. b4 Ke5 43. Ke2 f5 44. Kd3 f4 45. Kd2 Kd6 46. Ke2 Ke5
47. Kd2 Kd6 48. Ke2 d3+ 49. Kxd3 Ke5 1/2-1/2

[Event "III Festival B"]
[Site "Codogno ITA"]
[Date "2011.10.15"]
[Round "4"]
[White "Volpati, Antonio"]
[Black "Marchesotti, Giovanni"]
[Result "1/2-1/2"]
[WhiteElo "1670"]
[BlackElo "1599"]
[PlyCount "90"]
[EventDate "2011.10.14"]

1. e4 c6 2. Nf3 d5 3. exd5 cxd5 4. Bb5+ Bd7 5. Bxd7+ Nxd7 6. d4 e6 7. O-O Ngf6
8. Bg5 Be7 9. Nbd2 O-O 10. c3 h6 11. Bh4 Nh5 12. Bxe7 Qxe7 13. Ne5 Nhf6 14.
Ndf3 Nxe5 15. Nxe5 Ne4 16. f3 Nd6 17. Re1 Rfc8 18. Rc1 Rc7 19. Re2 Rac8 20.
Rec2 Qg5 21. Qd2 Qxd2 22. Rxd2 Nc4 23. Nxc4 Rxc4 24. Kf2 Kh7 25. f4 g6 26. Re2
Rxd4 27. cxd4 Rxc1 28. Ke3 Kg7 29. g3 h5 30. b3 b5 31. Kd2 Rc7 32. Re5 b4 33.
Re1 Kf6 34. Re5 Rc3 35. Rg5 a5 36. Re5 Ke7 37. Re3 Rxe3 38. Kxe3 f5 39. Kf2 Kd6
40. Kg2 Kc6 41. Kh3 Kd6 42. Kh4 Ke7 43. Kg5 Kf7 44. Kh6 Kf6 45. Kh7 Kf7 1/2-1/2

[Event "III Festival B"]
[Site "Codogno ITA"]
[Date "2011.10.16"]
[Round "5"]
[White "Cervini, Ernesto"]
[Black "Volpati, Antonio"]
[Result "1/2-1/2"]
[WhiteElo "1776"]
[BlackElo "1670"]
[PlyCount "56"]
[EventDate "2011.10.14"]

1. e4 e5 2. Nf3 Nc6 3. Bc4 Nf6 4. Ng5 d5 5. exd5 Nxd5 6. Nxf7 Kxf7 7. Qf3+ Qf6
8. Bxd5+ Be6 9. Bxe6+ Kxe6 10. Qb3+ Kd7 11. O-O Nd4 12. Qd3 Qd6 13. c3 Ne6 14.
Qh3 h5 15. d3 Rd8 16. Na3 Kc8 17. Be3 a6 18. Nc4 Qd5 19. Qf5 Bd6 20. Qe4 Qxe4
21. dxe4 g5 22. h3 h4 23. Rad1 Rhg8 24. g4 Rgf8 25. Rd2 Nf4 26. Bxf4 Rxf4 27.
Nxd6+ Rxd6 28. Rxd6 cxd6 1/2-1/2

[Event "III Festival B"]
[Site "Codogno ITA"]
[Date "2011.10.16"]
[Round "5"]
[White "Galli, Fabrizio"]
[Black "Mantovani, Enrico"]
[Result "0-1"]
[WhiteElo "1469"]
[BlackElo "1758"]
[PlyCount "80"]
[EventDate "2011.10.14"]

1. d4 Nf6 2. Nf3 e6 3. e3 c5 4. Bd3 d5 5. c3 Nc6 6. Nbd2 a6 7. O-O Be7 8. Qe2
O-O 9. e4 dxe4 10. Nxe4 cxd4 11. Nxf6+ Bxf6 12. Qe4 g6 13. Bd2 e5 14. h4 Bf5
15. Qe2 Bxd3 16. Qxd3 Re8 17. Qe4 Bg7 18. Rad1 f5 19. Qc2 Qc8 20. Qb3+ Qe6 21.
Qxe6+ Rxe6 22. Rfe1 d3 23. Ng5 Re7 24. f3 Rae8 25. Re3 h6 26. Nh3 e4 27. fxe4
fxe4 28. Rde1 Nd4 29. cxd4 Bxd4 30. Nf2 Bxe3 31. Rxe3 h5 32. g4 hxg4 33. Nxg4
Rc8 34. Bc3 Rc4 35. Nf6+ Kf7 36. Nd5 Rd7 37. Nb6 Rxc3 38. Nxd7 Rc1+ 39. Kf2 d2
40. Ne5+ Kg7 0-1

[Event "III Festival B"]
[Site "Codogno ITA"]
[Date "2011.10.16"]
[Round "5"]
[White "Losi, Paolo"]
[Black "Guasconi, Lelio"]
[Result "1-0"]
[WhiteElo "1730"]
[BlackElo "1614"]
[PlyCount "109"]
[EventDate "2011.10.14"]

1. d4 Nf6 2. Nf3 g6 3. c4 Bg7 4. Nc3 O-O 5. Qc2 d6 6. Bg5 Nbd7 7. e3 b6 8. Bd3
Bb7 9. O-O-O c5 10. d5 a6 11. h4 e5 12. h5 Qe8 13. hxg6 fxg6 14. Rh4 Qf7 15.
Rdh1 Rfb8 16. Bxf6 Qxf6 17. Rxh7 Nf8 18. R7h4 Bc8 19. Ne4 Qe7 20. Neg5 b5 21.
b3 Qf6 22. e4 bxc4 23. Bxc4 a5 24. Nh7 Nxh7 25. Rxh7 Ba6 26. Bxa6 Rxa6 27. Qe2
Rab6 28. Nd2 a4 29. f3 axb3 30. axb3 Ra8 31. Kb2 Rba6 32. R7h4 Qd8 33. Qb5 Rb6
34. Qd3 Qb8 35. Ra1 Rxa1 36. Kxa1 Qa7+ 37. Kb2 Qa5 38. Nc4 Qa6 39. Qc3 Rb4 40.
Rh1 Bf8 41. Ra1 Qb7 42. Na5 Qb5 43. Nc6 Qe2+ 44. Qc2 Qxc2+ 45. Kxc2 Rb7 46. Ra8
Rf7 47. Nd8 Rf6 48. Ne6 Rf7 49. Kd3 Rf6 50. Kc4 Rf7 51. b4 cxb4 52. Kxb4 Rf6
53. Kb5 g5 54. Kc6 g4 55. Rxf8+ 1-0

[Event "III Festival B"]
[Site "Codogno ITA"]
[Date "2011.10.16"]
[Round "5"]
[White "Marchesotti, Giovanni"]
[Black "Cautiero, Pietro"]
[Result "0-1"]
[WhiteElo "1599"]
[BlackElo "1698"]
[PlyCount "90"]
[EventDate "2011.10.14"]

1. Nf3 e6 2. g3 Nf6 3. Bg2 d5 4. O-O c5 5. d3 Nc6 6. Nbd2 Be7 7. e4 dxe4 8.
dxe4 e5 9. h3 O-O 10. c3 h6 11. Qe2 Be6 12. Nc4 Qc7 13. Rd1 b5 14. Na3 a6 15.
Ne1 Rad8 16. Be3 Rxd1 17. Rxd1 Bxa2 18. Ra1 Be6 19. f4 Bc8 20. Nd3 c4 21. Nxe5
Nxe5 22. fxe5 Qxe5 23. Bf4 Qc5+ 24. Kh2 Bb7 25. Rd1 Rd8 26. Rxd8+ Bxd8 27. Qd2
Bb6 28. Qc1 Bxe4 29. Bxe4 Nxe4 30. Qe1 Qf2+ 31. Qxf2 Nxf2 32. Nc2 Nd3 33. Nb4
Nxb4 34. cxb4 Bd4 35. Bc1 f5 36. g4 f4 37. Bxf4 Bxb2 38. Bd6 c3 39. Be5 Kf7 40.
Kg2 g5 41. Kf2 Ke6 42. Bg7 Kd5 43. Ke3 Kc4 44. Be5 Kxb4 45. Kd3 Kb3 0-1

[Event "III Festival B"]
[Site "Codogno ITA"]
[Date "2011.10.16"]
[Round "5"]
[White "Marzatico, Luca"]
[Black "Molinelli, Luigi"]
[Result "0-1"]
[WhiteElo "1428"]
[BlackElo "1263"]
[PlyCount "42"]
[EventDate "2011.10.14"]

1. d4 Nf6 2. Bf4 g6 3. Nf3 Bg7 4. e3 O-O 5. Bd3 d6 6. c3 c5 7. Nbd2 cxd4 8.
cxd4 Nc6 9. Ng5 e5 10. dxe5 dxe5 11. Qb3 exf4 12. Bc4 Ne5 13. O-O-O fxe3 14.
Nf1 Qc7 15. Nxe3 Nxc4 16. Nxc4 Qf4+ 17. Rd2 Qxg5 18. Ne3 Ne4 19. Re2 Nc5 20.
Qc4 Be6 21. Qb4 Nd3+ 0-1

[Event "III Festival B"]
[Site "Codogno ITA"]
[Date "2011.10.16"]
[Round "5"]
[White "Scotti, Luigi"]
[Black "Rancati, William"]
[Result "1/2-1/2"]
[WhiteElo "1511"]
[BlackElo "1548"]
[PlyCount "97"]
[EventDate "2011.10.14"]

1. e4 c5 2. c3 d6 3. d4 cxd4 4. cxd4 Nc6 5. Nc3 Nf6 6. Nf3 Bg4 7. h3 Bh5 8. Be2
Qb6 9. O-O Bxf3 10. gxf3 Nxd4 11. Qa4+ Nc6 12. Nd5 Qd8 13. Bb5 Qd7 14. Nb6 axb6
15. Qxa8+ Qd8 16. Bxc6+ bxc6 17. Qxc6+ Nd7 18. f4 e6 19. Be3 Be7 20. Rfd1 O-O
21. Rxd6 Bxd6 22. Qxd6 Nf6 23. Qxd8 Rxd8 24. Bxb6 Rb8 25. Bd4 Nxe4 26. a3 h6
27. b4 Nd2 28. Be5 Rb5 29. Rc1 Nf3+ 30. Kg2 Nxe5 31. fxe5 Rxe5 32. Rc5 Re1 33.
Rb5 Ra1 34. Ra5 Kf8 35. b5 Rc1 36. b6 Rc8 37. a4 Rb8 38. Rb5 Ke7 39. f3 Kd6 40.
a5 Kc6 41. Rb2 Kb7 42. Rc2 Ka6 43. Rc5 Rd8 44. Kf2 Rd7 45. f4 f5 46. Ke3 g5 47.
fxg5 hxg5 48. Rc2 Rd8 49. b7 1/2-1/2

[Event "III Festival B"]
[Site "Codogno ITA"]
[Date "2011.10.16"]
[Round "5"]
[White "Stanzani, Maurizio"]
[Black "Priori, Gabriele"]
[Result "1-0"]
[WhiteElo "1603"]
[BlackElo "1401"]
[PlyCount "72"]
[EventDate "2011.10.14"]

1. d4 d5 2. c4 c6 3. Nc3 Nf6 4. cxd5 cxd5 5. Bf4 e6 6. e3 Be7 7. Bd3 Bd7 8. Nf3
Nc6 9. a3 Nh5 10. Bg3 Nxg3 11. hxg3 h6 12. Rc1 a6 13. Bb1 Qb6 14. Qd2 Bf6 15.
g4 O-O-O 16. g5 hxg5 17. Rxh8 Rxh8 18. Ke2 Kb8 19. b4 g4 20. Ne1 Na7 21. Nd3
Nb5 22. Nc5 Nxc3+ 23. Rxc3 Bb5+ 24. Bd3 Bxd3+ 25. Rxd3 Qd6 26. g3 Bg5 27. Qb2
b5 28. a4 Kc7 29. axb5 axb5 30. Rc3 Kb8 31. Qa3 Rc8 32. Qa5 Rc6 33. Qxb5+ Rb6
34. Nd7+ Kb7 35. Nxb6 Qxb6 36. Qd7+ Ka8 1-0

[Event "III Festival B"]
[Site "Codogno ITA"]
[Date "2011.10.16"]
[Round "5"]
[White "Vecchio, Paolo L."]
[Black "Maraschi, Alberto"]
[Result "1/2-1/2"]
[WhiteElo "1335"]
[BlackElo "1386"]
[PlyCount "112"]
[EventDate "2011.10.14"]

1. e4 c6 2. d4 d5 3. e5 Bf5 4. Bd3 Bxd3 5. Qxd3 e6 6. Nf3 Nd7 7. Nc3 Be7 8. Bd2
Nh6 9. Bxh6 gxh6 10. O-O-O Bg5+ 11. Kb1 Qe7 12. Nxg5 hxg5 13. g4 O-O-O 14. Rdf1
Nb6 15. f4 h5 16. h3 Nc4 17. f5 f6 18. exf6 Qxf6 19. fxe6 Qxe6 20. Re1 Qd7 21.
Qf5 hxg4 22. hxg4 Rh4 23. Qxg5 Rxg4 24. Qc1 Rxd4 25. Rd1 Rg4 26. b3 Nb6 27.
Rhe1 d4 28. Qa3 Nd5 29. Nxd5 Qxd5 30. Qxa7 Qf5 31. Re7 Rd7 32. Rxd7 Qxd7 33.
Qa8+ Kc7 34. Qa5+ Kd6 35. Qb4+ c5 36. Qd2 Qh7 37. Qd3 Qxd3 38. Rxd3 b6 39. a4
Kc6 40. Kb2 Kb7 41. c3 Rg2+ 42. Ka3 dxc3 43. Rxc3 Ka6 44. Rh3 Rg8 45. Rh4 Rg3
46. Rc4 Ka5 47. Kb2 Rd3 48. Rc3 Rd4 49. Ka3 Rd5 50. Rc4 Rd3 51. Kb2 Rd4 52. Kc3
Rxc4+ 53. Kxc4 Ka6 54. Kd5 Ka5 55. Kc4 Ka6 56. Kd5 Ka5 1/2-1/2